00801nam a2200253Ia 45000010006000000050017000060070003000230080041000260200015000670400025000820410008001070820022001151000034001372450062001712500013002332600050002463000019002963650010003156530023003256530027003489420012003759520143003879990017005304512820240114003659.0ta090308s1990 g b000 u 346 u c40.00 (HB) aCotton College,Assam a346 a891.443bBo 64 Is aBandopadhyay, Bibhutibhusan . 0aIsamoti /cBibhutibhusan Bandopadhyay.hTextual Documents a1st ed / aCalcutta :bMitra & Ghosh publishers ,c1990. a220p ;c23 cm. a40.00 aBengali Literature aT/G-Bengali Literature 2ddccBK 001040708Circulation (T/G)aSKBLbSKBLd2012-02-01f00000g40.00l0o891.443 Bo 64 Isp050/Bengr2024-01-14 00:00:00t1w2012-02-01yBK c45093d45093